Normal view
MARC view
Entry Topical Term
001 - CONTROL NUMBER
- control field: 58999
003 - CONTROL NUMBER IDENTIFIER
- control field: OSt
005 - DATE AND TIME OF LATEST TRANSACTION
- control field: 20250319100958.0
008 - FIXED-LENGTH DATA ELEMENTS
- fixed length control field: 250319|| aca||aabn | a|a d
040 ## - CATALOGING SOURCE
- Original cataloging agency: OSt
- Transcribing agency: OSt
150 ## - HEADING--TOPICAL TERM
- Topical term or geographic name entry element: Doctrinal Theory(Catholic)
670 ## - SOURCE DATA FOUND
- Source citation: Work cat.: (OSt)0: Knox, Ronald Arbuthnott, 1888-1957. 58996, The belief of Catholics /, 1939.